Foreign trade statistics of Pakistan / (Record no. 51980)
[ view plain ]
| 000 -LEADER | |
|---|---|
| fixed length control field | 00973nac a2200301 a 4500 |
| 001 - CONTROL NUMBER | |
| control field | 51980 |
| 003 - CONTROL NUMBER IDENTIFIER | |
| rucl marc code | BD-RjUL |
| 005 - DATE AND TIME OF LATEST TRANSACTION | |
| control field | 20211209075734.0 |
| 008 - FIXED-LENGTH DATA ELEMENTS--GENERAL INFORMATION | |
| fixed length control field | 160905s1955 pk x s f0 a0eng d |
| 035 ## - SYSTEM CONTROL NUMBER | |
| System control number | (OCoLC)505745316 |
| System control number | (OCoLC)ocn505745316 |
| System control number | (CStRLIN)NYCG84-S53 |
| System control number | (BD-RjUL)52100 |
| System control number | (NNC)289038 |
| 040 ## - CATALOGING SOURCE | |
| Original cataloging agency | NNC |
| Transcribing agency | NNC |
| Language of cataloging | eng |
| 041 ## - LANGUAGE CODE | |
| Language code of text/sound track or separate title | eng |
| 082 ## - DEWEY DECIMAL CLASSIFICATION NUMBER | |
| Edition number | 23 |
| Classification number | 382.095491 |
| Author mark and year | FOR 1955 |
| 090 ## - LOCALLY ASSIGNED LC-TYPE CALL NUMBER (OCLC); LOCAL CALL NUMBER (OCLC) | |
| Classification number (OCLC) (R) ; Classification number, CALL (RLIN) (NR) | HF240.5 |
| Local cutter number (OCLC) ; Book number/undivided call number, CALL (RLIN) | .S73 |
| 245 00 - TITLE STATEMENT | |
| Title | Foreign trade statistics of Pakistan / |
| 260 ## - PUBLICATION, DISTRIBUTION, ETC. (IMPRINT) | |
| Place of publication, distribution, etc. | Karachi : |
| Name of publisher, distributor, etc. | Manager of Publications, |
| Date of publication, distribution, etc. | 1955 |
| 300 ## - PHYSICAL DESCRIPTION | |
| Pagination | 205 p. : |
| Illustrations | ill. ; |
| Size | 27 cm. |
| 515 ## - NUMBERING PECULIARITIES NOTE | |
| Numbering peculiarities note | Vols. for <Apr./June 1981-> issued in 2 parts: 1. Exports & re-exports; 2. Imports. |
| 550 ## - ISSUING BODY NOTE | |
| Issuing body note | Issued by: Statistics Division of Pakistan, 1981- |
| 651 #0 - SUBJECT ADDED ENTRY--GEOGRAPHIC NAME | |
| Geographic name | Pakistan |
| General subdivision | Commerce. |
| 9 (RLIN) | 132957 |
| 710 1# - ADDED ENTRY--CORPORATE NAME | |
| Corporate name or jurisdiction name as entry element | Pakistan. |
| Subordinate unit | Statistics Division. |
| 9 (RLIN) | 155445 |
| 780 00 - PRECEDING ENTRY | |
| Main entry heading | Pakistan. Statistics Division. |
| Title | Foreign trade |
| 942 ## - ADDED ENTRY ELEMENTS (KOHA) | |
| Source of classification or shelving scheme | Dewey Decimal Classification |
| Koha item type | Books |
| Lost status | Source of classification or shelving scheme | Damaged status | Not for loan | Collection code | Permanent Location | Current Location | Shelving location | Date acquired | Total Checkouts | Full call number | Date last seen | Copy number | Koha item type |
|---|---|---|---|---|---|---|---|---|---|---|---|---|---|
| Dewey Decimal Classification | Non-fiction | Central Library, University of Rajshahi | Central Library, University of Rajshahi | 25/11/1960 | 382.095491 FOR 1955 | 05/09/2016 | C-2 | Books |